| 000 | 00738nam a2200205 i 4500 | ||
|---|---|---|---|
| 001 | 186079 | ||
| 003 | ES-MaACL | ||
| 005 | 20250728223636.0 | ||
| 008 | 160907s1966 sp |||| | spa d | ||
| 100 | 1 |
_aGebsattel, Viktor Emil _cFreiherr von. _9143597 |
|
| 245 | 1 | 3 |
_aLa comprensión del hombre desde una perspectiva cristiana / _cFreiherr von Gebsattel ; [versión por Raimundo Drudis Baldrich]. |
| 260 |
_aMadrid : _bRialp, _c[1966] |
||
| 300 |
_a214 p. ; _c21 cm. |
||
| 490 | 1 |
_aNaturaleza e Historia ; _v6 |
|
| 650 | 7 |
_aAntropología teológica _2embne _9143894 |
|
| 700 | 0 |
_aDrudis Baldrich, Raimundo. _945680 |
|
| 830 | 0 | 0 |
_aNaturaleza e historia _v6 _9182943 |
| 852 |
_aES-MaACL _jE-4864 |
||
| 999 |
_c186079 _d186079 |
||